| 000 | 00700nam a2200193 a 4500 | ||
|---|---|---|---|
| 001 | BRCA_566 | ||
| 005 | 20190320203050.0 | ||
| 008 | 220905s2001----sp-a---###---#000-0#spa-d | ||
| 020 | _a8471203030 | ||
| 050 | 4 |
_aNK3052.6 _b.M36 2001 |
|
| 245 | 1 | 0 |
_aA la manera de Flandes _btapices ricos de la corona de España. |
| 260 |
_aMadrid _bPatrimonio Nacional _c2001 |
||
| 300 |
_a109 p. _bil. a color _c28 cm. |
||
| 500 | _aCatálogo de la exposición realizada en el Palacio Real (Madrid), octubre 2001 - enero 2002 | ||
| 504 | _aBibliografía: p. 103-108 | ||
| 650 | 1 | 4 |
_aTapices flamencos _vExposiciones _xRenacimiento _91951 |
| 650 | 1 | 4 |
_aTapices _xColecciones reales _zMadrid (España) _91952 |
| 942 |
_2lcc _cB |
||
| 999 |
_c496 _d496 |
||